banner-ar

نتائج الفطنة فى نظم كليلة ودمنة / (Record no. 43487)

MARC details
000 -الفاتح
حقل البيانات ثابتة الطول 00732nam a2200193Ia 4500
008 - عناصر البيانات ثابتة الطول - معلومات عامة
حقل البيانات ثابتة الطول 140319s9999 xx 000 0 ara d
040 ## - مصدر الفهرسة
وكالة الفهرسة الأصلية GCL /
وكالة النسخ GCL
082 04 - رقم تصنيف ديوى العشرى
رقم التصنيف 398.08
رقم المادة هـ ن
100 1# - المدخل الرئيسى - إسم شخصى
الإسم الشخصى حسن عاصى
245 10 - بيان العنوان
العنوان نتائج الفطنة فى نظم كليلة ودمنة /
بيان المسئوليه,etc حسن عاصى
700 1# - المدخل الاضافى - اسم شخصى
الإسم الشخصى ابن الهبارية : نظام الدين ابو يعلى محمد بن محمد بن صالح الهاشمى البغدادى
300 ## - الوصف المادى
التعداد 323 ص
490 ## - بيان السلسلة
عنوان السلسلة الامثال والحكم فى اداب الشعوب والامم
رقم المجلد/ التعيين التسلسلي 0
650 04 - المدخل الاضافى بالموضوع-مصطلح موضوعى
مصطلح موضوعي الادب الشعبى
650 04 - المدخل الاضافى بالموضوع-مصطلح موضوعى
مصطلح موضوعي الامثال العامية
650 04 - المدخل الاضافى بالموضوع-مصطلح موضوعى
مصطلح موضوعي الادب الهندى المترجم
942 ## - عناصر المدخل الإضافي( كوها)
مصدر التصنيف او مخطط الترفيف Dewey Decimal Classification
Koha [default] item type كتاب
Holdings
حالة التراجع حالة الفقد حالة تلف ليس للاعارة المكان المؤقت الموقع الحالى تاريخ الاكتساب اجمالي اﻻعارات رقم الطلب الباركود تاريخ اخر مشاهدة تاريخ تفعيل السعر نوع وعاء كوها
        مكتبة القاهرة الكبرى مكتبة القاهرة الكبرى 03/26/2014   398.08\هـ ن 105275 03/26/2014 03/26/2014 كتاب

Powered By

EGPV